1350 1875 1046 1029 1114 1597 1687 1267 1940 1853 1046 1415 1623 1236 1362 1741 1999 1260 1550 1294 1046 1212 1741 1772 1898 1000 1057 1336 1627 1511 1042 1701 1867 1085 1251 1081 1269 1031 1773 1690 1428 1615 1105 1166 1523 1721 1929 1606 1382 1211 1069 1931 1585 1349 1766 1028 1729 1680 1595 1567 1522 1683 1709 1245 1979 1725 1748 1387 1618 1692 1776 1579 1364 1339 1103 1076 1195 1076 1047 1996 1778 1074 1376 1859 1198 1378 1271 1478 1215 1594 1725 1946 1429 1824 1343 1503 1540 1646 1039 BCNSPRNW ULIB Ver.6.0+V

เปลี่ยนเป็นภาษาไทย

Change to English
 แสดงรายละเอียดบรรณานุกรม
  กลับหน้าหลัก

Brief Record : Get Marc (ISO 2709) : E-mail record : QR code < ปิดหน้าต่าง
LEADER : 00000nam 2200000uu 4500
001    13399122640
003     ULIB
008    130820s2013||||th 000 0 eng d
020    ^a9781609136949
060 04 ^aWY49^bS387m
100 1  ^aSchultz, Judith M.
245 10 ^aLippincott's manual of psychiatric nursing care plans /^cJudith M. Schultz, Sheila L. Videbeck
246 30 ^aManual of psychiatric nursing care plans
246 30 ^aPsychiatric nursing care plans
250    ^a9th ed.
260    ^aPhiladelphia :^bWolters Kluwer Health/Lippincott, Williams& Wilkins,^c2013
300    ^ax, 392 p. ;^c28 cm.
504    ^aIncludes bibliographical references and index
650  0 ^aPsychiatric nursing^vHandbooks, manuals, etc.
650  0 ^aNursing care plans^vHandbooks, manuals, etc.
650  2 ^aMental Disorders^xnursing^vHandbooks
650  2 ^aPatient Care Planning^vHandbooks
650  2 ^aPsychiatric Nursing^xmethods^vHandbooks
700 1  ^aVidebeck, Sheila L.
945    ^p780^l0^i033825
999    ^aเกษร โพธิ์สุวรรณ
รายการนี้ยังไม่มีแท็ก
คุณยังไม่ได้ล็อกอิน คุณสามารถมีกิจกรรมร่วมกับเว็บไซต์ได้ แต่ต้องล็อกอินก่อน ::
  ล็อกอิน

รายการสื่อสารสนเทศ

ลำดับที่ ประเภท เลขเรียก/บาร์โค้ด สถานที่ สถานะ
1. วิทยาศาสตร์การแพทย์ และสุขภาพ
วิทยาศาสตร์การแพทย์ และสุขภาพ
WY49 S387m  
  Barcode: 033825
ห้องสมุดวิทยาเขตสวรรค์ประชารักษ์
►หนังสือทั่วไป
บนชั้น

BibComment


ยังไม่เคยถูกคอมเมนท์

คอมเมนท์ทรัพยากรรายการนี้
  คอมเมนท์: Lippincotts manu..


 Copyright 2026. Bcnsprnw @Library